000 00251nam a22001217a 4500
008 180806b xxu||||| |||| 00| 0 eng d
041 _aeng
080 _a610.73
100 _a1
101 _aINF
245 _aHELP!
_cVandenburg,M.L
942 _2udc
_cBK
999 _c46878
_d46878